Top 10 Nobel Prize Winner Country - Statistics

General Stats
  • This quiz has been taken 19 times
  • The average score is 9 of 10
Answer Stats
Number of Nobel Prize Won Country % Correct
116 Germany
100%
30 Russia
100%
79 France
94%
145 UK
94%
428 USA
94%
33 Japan
89%
29 Canada
83%
34 Sweden
83%
25 Austria
67%
27 Switzerland
56%
No matching quizzes found
Score Distribution
Percent of People with Each Score
Percentile by Number Answered
Your Score History
You have not taken this quiz